| 000 | 008060000a22002410004500 | ||
|---|---|---|---|
| 003 | LK-CoMWRAF | ||
| 005 | 20231024111550.0 | ||
| 008 | 230817t2005 ||||| |||| 00| 0 eng d | ||
| 020 | _a0141018666 | ||
| 040 |
_aLK-CoMWRAF _dLK-CoMWRAF _eLK-CoMWRAF |
||
| 041 | _aeng | ||
| 082 |
_a339.4 _bSAC |
||
| 100 | _aSachs, Jeffrey D. | ||
| 245 |
_aThe End of Poverty: _bHow we can make it happen in our lifetime |
||
| 260 |
_aLondon; _bPenguin Books, _c2005 |
||
| 300 |
_axviii, 396 pages, [16] pages of plates) : ill. (some color), maps (some color). _bIndex included |
||
| 650 | _aPOVERTY-DEVELOPING COUNTRIES | ||
| 650 | _aEconomic assistance -Developing countries; | ||
| 650 | _a Economic history | ||
| 650 | _aPoverty & Unemployment | ||
| 650 | _aDeveloping countries -- Economic policy | ||
| 942 | _cBK | ||
| 999 |
_c2222 _d2222 |
||